000 00272nam a2200109Ia 4500
008 220204s9999 xx 000 0 und d
082 _a265.9
_bSHE
100 _aSHERMAN, Harold
245 0 _aYour power to heal
260 _aNew York
_bFawcett Gold Medal
_c1972
942 _cBK
999 _c33453
_d33453